| 000 | 00508nam a2200193Ia 4500 | ||
|---|---|---|---|
| 008 | 101110s9999 xx 000 0 und d | ||
| 041 | _aENGLISH | ||
| 082 |
_bSR10394 _a658.85 |
||
| 100 | _aAcharya B.K. & Others | ||
| 245 | _aSalesmanship and publicity by Acharya | ||
| 365 | _b16 | ||
| 520 | _aCommerce | ||
| 546 | _aENGLISH | ||
| 630 | _aSalesmanship and publicity by Acharya | ||
| 650 | _aCommerce | ||
| 655 | _aCommerce | ||
| 730 | _aSalesmanship and publicity by Acharya | ||
| 942 | _cBOOK | ||
| 999 |
_c805326 _d805323 |
||